01003nam a2200229 a 4500001001000000003000400010005001700014008004100031040002500072082002200097245010000119260005400219300002000273500003500293590002600328610008800354650007400442910003700516942001400553952018900567999001700756000033518OSt20201023105056.0110411s1932 dr 000 0 spa d aDO-SdBNPbspacBNPHU74a371.106bE79a22200aEstatutos de la Asociación de Maestros de Santiago de los Caballeros, República Dominicana. aSanto Domingo :bImprenta P. A. Gómez,c[1932]. a27 p. ;c24 cm. aFundada el 16 de enero de 1932 aInventariado, 2018/VM14aASOCIACIONES DE MAESTROSzSANTIAGO DE LOS CABALLEROS, REPÚBLICA DOMINICANA959031 4aMaestroszRepública DominicanavESTATUTOS, REGLAMENTOS, ETC.959032 aValidado. Control de calidad MFF 2ddccLBS1 00102ddc718PDaPDbPDcHDd2011-08-30iLF1l0oBNPHU PD-RV 371.106 E79ap33518-10r2020-06-25w2020-06-25yLFPDzPerteneció a la biblioteca personal de Carlos Larrazábal Blanco c33009d33009